1725 1753 1798 1131 1846 1471 1661 1299 1953 1815 1817 1715 1638 1950 1412 1625 1193 1705 1438 1666 1427 1668 1463 1933 1510 1347 1716 1110 1659 1756 1230 1207 1758 1415 1748 1480 1218 1262 1114 1096 1943 1952 1506 1011 1122 1235 1147 1777 1354 1101 1274 1277 1729 1174 1734 1468 1715 1334 1482 1386 1113 1958 1062 1165 1928 1519 1849 1695 1334 1421 1139 1745 1308 1075 1425 1395 1081 1798 1088 1561 1230 1218 1876 1657 1782 1278 1966 1776 1101 1064 1311 1063 1813 1537 1825 1917 1178 1134 1047 BCNSPRNW ULIB Ver.6.0+V

เปลี่ยนเป็นภาษาไทย

Change to English
 แสดงรายละเอียดบรรณานุกรม
  กลับหน้าหลัก

Brief Record : Get Marc (ISO 2709) : E-mail record : QR code < ปิดหน้าต่าง
LEADER : 00000nam 2200000uu 4500
001    13399111538
003     ULIB
008    110630s||||||||th 000 0 tha d
020    9748916367
050  4 BQ4570^bพ335พ 2544
100 0  พระธรรมปิฎก (ประยุทธ์ ปยุตฺโต),^d2481-
245 10 พุทธวิธีแก้ปัญหาเพื่อศตวรรษที่ 21 =^bA Buddhist solution for the Twenty-first Century /^cพระธรรมปิฎก (ประยุทธ์ ปยุตฺโต)
246 31 A Buddhist solution for the Twenty-first Century
250    พิมพ์ครั้งที่12
260    กรุงเทพฯ : บริษัท ธรรมสาร, 2544
300    (15), 82 หน้า ; 21 ซม.
591    LISC มีปี 2546 พิมพ์ครั้งที่ 20
650  7 พุทธศาสนากับสังคม
650  7 พุทธศาสนากับชีวิตประจำวัน
945    ^p0^l0^i019523
995    ทศพร
999 ^a ใช้งานได้ทุกระบบ
รายการนี้ยังไม่มีแท็ก
คุณยังไม่ได้ล็อกอิน คุณสามารถมีกิจกรรมร่วมกับเว็บไซต์ได้ แต่ต้องล็อกอินก่อน ::
  ล็อกอิน

รายการสื่อสารสนเทศ

ลำดับที่ ประเภท เลขเรียก/บาร์โค้ด สถานที่ สถานะ
- ไม่พบข้อมูล -

รายการใกล้เคียง
    หัวเรื่อง [พุทธศาสนากับสังคม]
    หัวเรื่อง [พุทธศาสนากับชีวิตประจำวัน]

BibComment


ยังไม่เคยถูกคอมเมนท์

คอมเมนท์ทรัพยากรรายการนี้
  คอมเมนท์: พุทธวิธีแก้ปัญหาเ..


 Copyright 2026. Bcnsprnw @Library